Представление документа в формате MARC21

Поле Инд. ПП Название Значение
Тип записи a
Библиографический уровень m
001 Контрольный номер 1b4f6e6f-1673-4c33-98fe-151f6900a12d
005 Дата корректировки 20140703144312.1
008 Кодируемые данные 051017
020 c Цена, тираж 35.00
040 a Служба первич. каталог. НБ ТвГУ
041 a Код языка текста rus
080 a Индекс УДК 94(47)"16/19"
a Индекс УДК 94(517)"16/19"
a Индекс УДК 327(47:517)(091)
084 a Индекс другой классификации/Индекс ББК Т3(2)5-64(5Мон)
a Индекс другой классификации/Индекс ББК Т3(5Мон)5-6(2)
090 x Авторский знак Е33
a Полочн. индекс Т3(2)5
100 1_ a Автор Единархова Н. Е.
245 10 a Заглавие Русские купцы и авантюристы в Монголии: вторая половина XIX - начало XX вв.
b Продолж. заглавия учеб. пособие
c Ответственность Н. Е. Единархова ; Иркут. гос. пед. ун-т, Гуманит. фак., Каф. всемир. истории
260 0_ a Место издания Иркутск
b Издательство Иркутский гос. педагогический ун-т
c Дата издания 2005
300 a Объем 191 с.
504 a Библиография Библиогр. в примеч. в конце гл.
583 a Действие Получение впервые 298 17.10.2005
k Исполнитель действия обмен
650 a Основная рубрика Российско-монгольские отношения
650 a Основная рубрика Международные отношения
x Основная подрубрика История
y Хронологическая подрубрика 17-20 в.
z Географическая подрубрика Россия
z Географическая подрубрика Монголия
653 a Ключевые слова Российско-монгольские отношения
a Ключевые слова История России
a Ключевые слова История Монголии
a Ключевые слова Международные отношения
a Ключевые слова Русские купцы
852 t Порядковый номер экземпляра 1
p Инвентарный номер 821188
888 a Бесплатные
952 p 298.2005 35.00 1 821188
c Вид литературы К ру
954 a Дата поступления на обработку 20060531
999 a Подразделение 2 ч.з.